Welcome to the Holygrace Academy Library

Please use search bar below to get started

LOK AARADHANA KE ABHIVYAKTHY (Record no. 6860)

MARC details
000 -LEADER
fixed length control field 00283nam a22001217a 4500
082 ## - DEWEY DECIMAL CLASSIFICATION NUMBER
Classification number 474
Item number ADI/L
100 ## - MAIN ENTRY--AUTHOR NAME
Personal name ADITHYANATH, YOGI
245 ## - TITLE STATEMENT
Title LOK AARADHANA KE ABHIVYAKTHY
260 ## - PUBLICATION, DISTRIBUTION, ETC. (IMPRINT)
Place of publication LUCKNOW
Name of publisher ETHER PRESS
300 ## - PHYSICAL DESCRIPTION
Number of Pages 242
650 ## - SUBJECT ADDED ENTRY--TOPICAL TERM
Topical Term ABOUT YOGI ADITHYANATH
Geographic subdivision LUCKNOW
942 ## - ADDED ENTRY ELEMENTS (KOHA)
Koha item type Books
Holdings
Withdrawn status Lost status Collection code Home library Current library Shelving location Date acquired Source of acquisition Full call number Accession Number Koha item type
    Reference Main Library Main Library NEW SHELF WITH NEW ENTRY 14/09/2023 PURCHASE 474 ADI/L 12841 Books
    Reference Main Library Main Library NEW SHELF WITH NEW ENTRY 14/09/2023 PURCHASE 474 ADI/L 12842 Books